00478 2200181 4500001002100000005001500021008004100036020002200077035001900099041000700118082001000125090001600135100002300151245002800174260003700202300003000239650002700269INLIS00000000001482520241224114823241224||||||||| | ||| |||| || |  a978-979-033-112-9 0010-1224014825 aid0 a574.5 a574.5 SAL h0 aLaura Purdie Salas00aHutan Hijau Taman Hijau aJakartabErlangga For Kidsc2008 a22x22 cm, 24 hlm.; ilus.: 0aILMU TENTANG KEHIDUPAN